000 00633nam a22001577a 4500
008 120316t xxu||||| |||| 00| 0 eng d
020 _a0917616855
050 _aHD3845.6.P75
245 _aPrivatization and development /
_cedited by Steve H. Hanke
260 _aCalifornia:
_bI.C.S. Press,
_c1987.
300 _avii, 237 p.:
_c22cm.
500 _aIncludes bibliographical references.
505 _aContents: Privatization in the developing world -- The Foundations of privatization -- Planning for privatization -- Privatization for development -- Cases of privatization -- Conclusion.
650 _aPrivatization.
942 _2lcc
_cBK
999 _c653
_d8153